[Event "Titled Tuesday intern op 02nd Apr Early"]
[Site "Chess.com INT"]
[Date "2024.04.02"]
[Round "3"]
[White "Afanasieva, Alexandra"]
[Black "Djokic, Mihailo"]
[Result "1/2-1/2"]
[WhiteElo "1914"]
[BlackElo "2139"]
[PlyCount "127"]
[EventDate "2024.04.02"]
[EventType "swiss (blitz)"]
[EventRounds "11"]
[EventCountry "USA"]
[SourceTitle "CB15_2024"]
[SourceDate "2024.04.10"]
[SourceVersion "1"]
[SourceVersionDate "2024.04.10"]
[SourceQuality "1"]

1. e4 c5 2. c4 Nc6 3. Nc3 g6 4. g3 Bg7 5. Bg2 d6 6. d3 e6 7. Nge2 Nge7 8. 0-0 0-0 9. f4 Nd4 10. h3 Rb8 11. Be3 a6 12. Rb1 b5 13. b3 Qa5 14. Qd2 Nec6 15. g4 f5 16. gxf5 exf5 17. Rfe1 fxe4 18. Nxe4 Qxd2 19. Bxd2 Nxe2+ 20. Rxe2 Nd4 21. Rf2 Nf5 22. Kh2 Bd4 23. Re2 Kg7 24. Rbe1 Re8 25. Nxd6 Rxe2 26. Nxf5+ Bxf5 27. Rxe2 Bxd3 28. Re7+ Kh8 29. Rb7 Rxb7 30. Bxb7 bxc4 31. bxc4 Bxc4 32. a4 Kg7 33. Kg3 Kf6 34. Kf3 Bd3 35. a5 Ke6 36. Be1 Kd7 37. Bd2 Bb5 38. Kg4 c4 39. Kg5 c3 40. Bc1 Bd3 41. Kh6 Kc7 42. Bd5 Kd6 43. Bg8 Kc5 44. Bxh7 Kb4 45. Bxg6 Bc4 46. Bc2 Kxa5 47. f5 Kb4 48. Kg6 Bb3 49. Be4 a5 50. f6 a4 51. f7 Bc5 52. Kg7 a3 53. Bxa3+ Kxa3 54. f8Q Bxf8+ 55. Kxf8 Kb2 56. h4 Bc2 57. Bxc2 Kxc2 58. h5 Kb3 59. h6 c2 60. h7 c1Q 61. h8Q Qc5+ 62. Kg8 Qc8+ 63. Kg7 Qxh8+ 64. Kxh8 1/2-1/2

[Event "Titled Tuesday intern op 02nd Apr Early"]
[Site "Chess.com INT"]
[Date "2024.04.02"]
[Round "4"]
[White "Djokic, Mihailo"]
[Black "Heinemann, Josefine"]
[Result "1/2-1/2"]
[WhiteElo "2139"]
[BlackElo "2303"]
[PlyCount "74"]
[EventDate "2024.04.02"]
[EventType "swiss (blitz)"]
[EventRounds "11"]
[EventCountry "USA"]
[SourceTitle "CB15_2024"]
[SourceDate "2024.04.10"]
[SourceVersion "1"]
[SourceVersionDate "2024.04.10"]
[SourceQuality "1"]

1. e4 c5 2. Nf3 d6 3. d4 cxd4 4. Nxd4 Nf6 5. Nc3 a6 6. Rg1 e5 7. Nb3 Be6 8. g4 d5 9. exd5 Nxd5 10. Nxd5 Qxd5 11. Be3 Nc6 12. Bg2 Qxd1+ 13. Rxd1 Rc8 14. c3 Be7 15. Be4 0-0 16. g5 Rfd8 17. Rxd8+ Rxd8 18. h4 g6 19. Ke2 Bd5 20. Bxd5 Rxd5 21. Rd1 Rxd1 22. Kxd1 f5 23. Bc5 Kf7 24. Bxe7 Kxe7 25. Nc5 Nd8 26. Ke2 Kd6 27. b4 a5 28. a3 axb4 29. cxb4 b6 30. Na4 Kc6 31. Nc3 Ne6 32. a4 Nd4+ 33. Kd3 Nf3 34. Kc4 Nd2+ 35. Kd3 Nf3 36. Kc4 Nd2+ 37. Kd3 Nf3 1/2-1/2

[Event "Titled Tuesday intern op 12th Mar Late"]
[Site "Chess.com INT"]
[Date "2024.03.12"]
[Round "4"]
[White "Salman, Ilhan Serhat"]
[Black "Djokic, Mihailo"]
[Result "0-1"]
[WhiteElo "2092"]
[BlackElo "2139"]
[PlyCount "48"]
[EventDate "2024.03.12"]
[EventType "swiss (blitz)"]
[EventRounds "11"]
[EventCountry "USA"]
[SourceTitle "CB12_2024"]
[SourceDate "2023.10.01"]
[SourceVersion "1"]
[SourceVersionDate "2023.10.01"]
[SourceQuality "1"]

1. b3 e5 2. Bb2 Nc6 3. e3 Nf6 4. Bb5 e4 5. Ne2 d5 6. 0-0 Bd6 7. c4 Bxh2+ 8. Kxh2 Ng4+ 9. Kg3 h5 10. Bxc6+ bxc6 11. f4 h4+ 12. Kh3 Nxe3+ 13. Kh2 Nxd1 14. Rxd1 Bg4 15. Nbc3 d4 16. Nxe4 Bxe2 17. Re1 d3 18. Bxg7 f5 19. Bf6 fxe4 20. Bxd8 Rxd8 21. Kh3 Kf7 22. b4 Rdg8 23. b5 c5 24. Rxe2 dxe2 0-1

[Event "Titled Tuesday intern op 13th Feb Early"]
[Site "Chess.com INT"]
[Date "2024.02.13"]
[Round "6"]
[White "Djokic, Mihailo"]
[Black "Hoffmann, Asa"]
[Result "1-0"]
[WhiteElo "2139"]
[BlackElo "2185"]
[PlyCount "43"]
[EventDate "2024.02.13"]
[EventType "swiss (blitz)"]
[EventRounds "11"]
[EventCountry "USA"]
[SourceTitle "CB08_2024"]
[SourceDate "2024.02.21"]
[SourceVersion "1"]
[SourceVersionDate "2024.02.21"]
[SourceQuality "1"]

1. e4 d6 2. d4 Nf6 3. Nc3 c6 4. f4 Qa5 5. e5 Ne4 6. Bd3 Bf5 7. Nge2 d5 8. 0-0 e6 9. Bxe4 Bxe4 10. Nxe4 dxe4 11. Ng3 Nd7 12. Nxe4 Be7 13. f5 exf5 14. Rxf5 0-0 15. c3 Rad8 16. Qg4 Kh8 17. e6 c5 18. exd7 Rxd7 19. Bg5 f6 20. Rxf6 gxf6 21. Qxd7 fxg5 22. Qxe7 1-0

[Event "Titled Tuesday intern op 13th Feb Early"]
[Site "Chess.com INT"]
[Date "2024.02.13"]
[Round "1"]
[White "Serra Canals, Oriol"]
[Black "Djokic, Mihailo"]
[Result "0-1"]
[WhiteElo "2155"]
[BlackElo "2139"]
[PlyCount "52"]
[EventDate "2024.02.13"]
[EventType "swiss (blitz)"]
[EventRounds "11"]
[EventCountry "USA"]
[SourceTitle "CB08_2024"]
[SourceDate "2024.02.21"]
[SourceVersion "1"]
[SourceVersionDate "2024.02.21"]
[SourceQuality "1"]

1. e4 c5 2. Nf3 d6 3. d4 cxd4 4. Qxd4 a6 5. Be2 Nc6 6. Qe3 g6 7. c4 Bg7 8. 0-0 Nf6 9. h3 0-0 10. Rd1 Qa5 11. Nc3 Be6 12. Rb1 Rac8 13. Nd5 Nxe4 14. b4 Qxa2 15. Qxe4 Bf5 16. Nxe7+ Nxe7 17. Qxe7 Qxb1 18. Bf4 Qxb4 19. Bxd6 Qb3 20. Nd4 Bxd4 21. Rxd4 Rfe8 22. Qg5 Rxe2 23. Rf4 Qd1+ 24. Kh2 Qxd6 25. g3 Qd2 26. Kg1 Rxc4 0-1

[Event "Titled Tuesday intern op 09th Jan Early"]
[Site "Chess.com INT"]
[Date "2024.01.09"]
[Round "4"]
[White "Djokic, Mihailo"]
[Black "Cruz, William Ferreira Da"]
[Result "1-0"]
[WhiteElo "2139"]
[BlackElo "2216"]
[PlyCount "131"]
[EventDate "2024.01.09"]
[EventType "swiss (blitz)"]
[EventRounds "11"]
[EventCountry "USA"]
[SourceTitle "CB03_2024"]
[SourceDate "2024.01.17"]
[SourceVersion "1"]
[SourceVersionDate "2024.01.17"]
[SourceQuality "1"]

1. d4 Nf6 2. Nf3 g6 3. g3 Bg7 4. Bg2 0-0 5. 0-0 d6 6. c4 Nbd7 7. Nc3 e5 8. e4 exd4 9. Nxd4 Re8 10. Re1 Nc5 11. b4 Ne6 12. Be3 Ng4 13. Qxg4 Nxd4 14. Qd1 Nf3+ 15. Qxf3 Bxc3 16. Bg5 Qxg5 17. Qxc3 Qe5 18. Qxe5 dxe5 19. Rad1 Be6 20. Bf1 Rad8 21. f3 Kf8 22. Kf2 Ke7 23. Ke3 b6 24. a3 Rxd1 25. Rxd1 Rd8 26. Rc1 h6 27. c5 h5 28. h4 Rc8 29. Ba6 Rd8 30. Bb5 Bd7 31. Ba6 Be6 32. f4 f6 33. cxb6 cxb6 34. Rc7+ Rd7 35. Rc8 Rd1 36. Ra8 Rd7 37. f5 gxf5 38. exf5 Bxf5 39. Bc8 Rd3+ 40. Ke2 Be4 41. Rxa7+ Kd8 42. Bb7 Rd4 43. Bxe4 Rxe4+ 44. Kf3 Rd4 45. b5 f5 46. a4 Rd3+ 47. Kf2 f4 48. gxf4 exf4 49. Rb7 Rd4 50. Rxb6 Rxa4 51. Rh6 Ra3 52. Rxh5 Kc7 53. Rf5 Rb3 54. h5 f3 55. h6 Rb2+ 56. Kxf3 Rh2 57. Rf7+ Kb6 58. h7 Kxb5 59. Kg4 Kc6 60. Kg5 Kd6 61. Rf6+ Ke7 62. Rh6 Rg2+ 63. Kf4 Rf2+ 64. Ke3 Rf8 65. h8Q Rxh8 66. Rxh8 1-0

[Event "Titled Tuesday intern op 09th Jan Early"]
[Site "Chess.com INT"]
[Date "2024.01.09"]
[Round "2"]
[White "Djokic, Mihailo"]
[Black "Erigaisi, Arjun Kumar"]
[Result "0-1"]
[WhiteElo "2139"]
[BlackElo "2738"]
[PlyCount "68"]
[EventDate "2024.01.09"]
[EventType "swiss (blitz)"]
[EventRounds "11"]
[EventCountry "USA"]
[SourceTitle "CB03_2024"]
[SourceDate "2024.01.17"]
[SourceVersion "1"]
[SourceVersionDate "2024.01.17"]
[SourceQuality "1"]

1. d4 d6 2. Nf3 g6 3. g3 Bg7 4. Bg2 Nc6 5. 0-0 Bd7 6. Nc3 Qc8 7. Re1 Bh3 8. Bh1 h5 9. Bg5 h4 10. d5 hxg3 11. fxg3 Ne5 12. Nd4 Qg4 13. Bf4 g5 14. Be3 Qh5 15. Nf3 Bg4 16. h4 gxh4 17. Nxh4 Ng6 18. Bf2 Nxh4 19. gxh4 Bf6 20. Qd3 Bxh4 21. Qb5+ Bd7 22. Qxb7 Qg4+ 23. Bg2 Bxf2+ 24. Kxf2 Qf4+ 25. Kg1 Qe3+ 26. Kf1 Qf4+ 27. Kg1 Rd8 28. e3 Qh2+ 29. Kf2 Rh5 30. e4 Nf6 31. Rg1 Ng4+ 32. Ke2 Qg3 33. Qxa7 Rh2 34. Raf1 Rxg2+ 0-1

[Event "Titled Tuesday intern op 14th Nov Early"]
[Site "Chess.com INT"]
[Date "2023.11.14"]
[Round "2"]
[White "Fernandez Siles, Luis"]
[Black "Djokic, Mihailo"]
[Result "0-1"]
[WhiteElo "2218"]
[BlackElo "2170"]
[PlyCount "44"]
[EventDate "2023.11.14"]
[EventType "swiss (blitz)"]
[EventRounds "11"]
[EventCountry "USA"]
[SourceTitle "CB47_2023"]
[SourceDate "2023.11.22"]
[SourceVersion "1"]
[SourceVersionDate "2023.11.22"]
[SourceQuality "1"]

1. e4 c5 2. Nf3 d6 3. d4 cxd4 4. Nxd4 Nf6 5. Nc3 g6 6. Be3 Bg7 7. f3 0-0 8. Qd2 Nc6 9. 0-0-0 Bd7 10. g4 Rc8 11. h4 Ne5 12. h5 Qa5 13. Bh6 Bxh6 14. Qxh6 Rxc3 15. hxg6 fxg6 16. bxc3 Qxc3 17. g5 Qa1+ 18. Kd2 Qxd4+ 19. Ke1 Nxf3+ 20. Ke2 Qxe4+ 21. Kf2 Ng4+ 22. Kg3 Qe5+ 0-1

[Event "Titled Tuesday intern op 19th Sep Early"]
[Site "Chess.com INT"]
[Date "2023.09.19"]
[Round "9"]
[White "Djokic, Mihailo"]
[Black "Hajiyev, Kanan"]
[Result "1-0"]
[WhiteElo "2148"]
[BlackElo "2113"]
[PlyCount "65"]
[EventDate "2023.09.19"]
[EventType "swiss (blitz)"]
[EventRounds "11"]
[EventCountry "USA"]
[SourceTitle "EXT 2024"]
[Source "ChessBase"]
[SourceDate "2023.10.10"]
[SourceVersion "1"]
[SourceVersionDate "2023.10.10"]
[SourceQuality "1"]

1. e4 c6 2. d4 d5 3. e5 a6 4. Nf3 Bg4 5. Be2 e6 6. 0-0 c5 7. c3 Nc6 8. Be3 Nge7 9. Nbd2 Nf5 10. Rc1 Be7 11. h3 Bxf3 12. Nxf3 0-0 13. Qd2 Qb6 14. dxc5 Bxc5 15. Bxc5 Qxc5 16. b4 Qe7 17. Bd3 Nh4 18. Nxh4 Qxh4 19. f4 g6 20. a3 f6 21. exf6 Rxf6 22. Rce1 Raf8 23. Re2 e5 24. Bc2 d4 25. cxd4 exf4 26. d5 f3 27. Re4 fxg2 28. Kxg2 Qh5 29. Rxf6 Rxf6 30. dxc6 Rxc6 31. Bb3+ Kg7 32. Qd4+ Kh6 33. Rh4 1-0